<?xml version="1.0" encoding="UTF-8"?>
<record
    xmlns:xsi="http://www.w3.org/2001/XMLSchema-instance"
    xsi:schemaLocation="http://www.loc.gov/MARC21/slim http://www.loc.gov/standards/marcxml/schema/MARC21slim.xsd"
    xmlns="http://www.loc.gov/MARC21/slim">

  <leader>01166nam2a22002531  4500</leader>
  <controlfield tag="001">RU\NLR\INFOCOMM31\1000046475</controlfield>
  <controlfield tag="005">20250617061847.0</controlfield>
  <datafield tag="035" ind1=" " ind2=" ">
    <subfield code="a">(NLR Aleph) 002516945</subfield>
  </datafield>
  <datafield tag="090" ind1=" " ind2=" ">
    <subfield code="a">2729715</subfield>
    <subfield code="c">2729715</subfield>
  </datafield>
  <datafield tag="100" ind1=" " ind2=" ">
    <subfield code="a">20040416d1955    |||y0rusy50      ca</subfield>
  </datafield>
  <datafield tag="101" ind1="0" ind2=" ">
    <subfield code="a">rus</subfield>
  </datafield>
  <datafield tag="102" ind1=" " ind2=" ">
    <subfield code="a">RU</subfield>
  </datafield>
  <datafield tag="105" ind1=" " ind2=" ">
    <subfield code="a">y   |||||||||</subfield>
  </datafield>
  <datafield tag="200" ind1="1" ind2=" ">
    <subfield code="a">&#x41C;&#x430;&#x442;&#x435;&#x43C;&#x430;&#x442;&#x438;&#x447;&#x435;&#x441;&#x43A;&#x438;&#x435; &#x43C;&#x435;&#x442;&#x43E;&#x434;&#x44B; &#x442;&#x435;&#x43E;&#x440;&#x438;&#x438; &#x43C;&#x430;&#x441;&#x441;&#x43E;&#x432;&#x43E;&#x433;&#x43E; &#x43E;&#x431;&#x441;&#x43B;&#x443;&#x436;&#x438;&#x432;&#x430;&#x43D;&#x438;&#x44F;</subfield>
    <subfield code="f">&#x410;.&#x42F;. &#x425;&#x438;&#x43D;&#x447;&#x438;&#x43D;</subfield>
  </datafield>
  <datafield tag="210" ind1=" " ind2=" ">
    <subfield code="d">1955</subfield>
    <subfield code="a">&#x411;. &#x43C;.</subfield>
  </datafield>
  <datafield tag="461" ind1=" " ind2="0">
    <subfield code="1">001RU\NLR\INFOCOMM31\1000046422</subfield>
    <subfield code="1">2001#$a&#x422;&#x440;&#x443;&#x434;&#x44B; &#x41C;&#x430;&#x442;&#x435;&#x43C;&#x430;&#x442;&#x438;&#x447;&#x435;&#x441;&#x43A;&#x43E;&#x433;&#x43E; &#x438;&#x43D;&#x441;&#x442;&#x438;&#x442;&#x443;&#x442;&#x430; &#x438;&#x43C;&#x435;&#x43D;&#x438; &#x412;.&#x410;. &#x421;&#x442;&#x435;&#x43A;&#x43B;&#x43E;&#x432;&#x430;$f&#x410;&#x43A;&#x430;&#x434;. &#x43D;&#x430;&#x443;&#x43A; &#x421;&#x421;&#x421;&#x420;$v49</subfield>
    <subfield code="9">2729281</subfield>
    <subfield code="a">&#x41C;&#x430;&#x442;&#x435;&#x43C;&#x430;&#x442;&#x438;&#x447;&#x435;&#x441;&#x43A;&#x438;&#x439; &#x438;&#x43D;&#x441;&#x442;&#x438;&#x442;&#x443;&#x442; &#x438;&#x43C;. &#x412;. &#x410;. &#x421;&#x442;&#x435;&#x43A;&#x43B;&#x43E;&#x432;&#x430; (&#x41C;&#x43E;&#x441;&#x43A;&#x432;&#x430;)</subfield>
    <subfield code="c">&#x41C;.</subfield>
    <subfield code="d">1931-</subfield>
    <subfield code="f">&#x410;&#x43A;&#x430;&#x434;. &#x43D;&#x430;&#x443;&#x43A; &#x421;&#x421;&#x421;&#x420;</subfield>
    <subfield code="n">&#x418;&#x437;&#x434;-&#x432;&#x43E; &#x410;&#x43A;&#x430;&#x434;. &#x43D;&#x430;&#x443;&#x43A; &#x421;&#x421;&#x421;&#x420;</subfield>
    <subfield code="t">&#x422;&#x440;&#x443;&#x434;&#x44B; &#x41C;&#x430;&#x442;&#x435;&#x43C;&#x430;&#x442;&#x438;&#x447;&#x435;&#x441;&#x43A;&#x43E;&#x433;&#x43E; &#x438;&#x43D;&#x441;&#x442;&#x438;&#x442;&#x443;&#x442;&#x430; &#x438;&#x43C;&#x435;&#x43D;&#x438; &#x412;.&#x410;. &#x421;&#x442;&#x435;&#x43A;&#x43B;&#x43E;&#x432;&#x430;</subfield>
    <subfield code="x">0371-9685</subfield>
    <subfield code="v">49</subfield>
  </datafield>
  <datafield tag="700" ind1=" " ind2="1">
    <subfield code="a">&#x425;&#x438;&#x43D;&#x447;&#x438;&#x43D;</subfield>
    <subfield code="b">&#x410;.&#x42F;.</subfield>
    <subfield code="4">070</subfield>
  </datafield>
  <datafield tag="801" ind1=" " ind2="1">
    <subfield code="a">RU</subfield>
    <subfield code="b">InfoComm</subfield>
    <subfield code="c">20040416</subfield>
  </datafield>
  <datafield tag="801" ind1=" " ind2="0">
    <subfield code="a">RU</subfield>
    <subfield code="b">NLR</subfield>
    <subfield code="g">PSBO</subfield>
  </datafield>
  <datafield tag="852" ind1=" " ind2=" ">
    <subfield code="a">NLR</subfield>
    <subfield code="j">&#x41F;7/248</subfield>
  </datafield>
  <datafield tag="942" ind1=" " ind2=" ">
    <subfield code="c">ISSUE</subfield>
  </datafield>
  <datafield tag="980" ind1=" " ind2=" ">
    <subfield code="a">NB</subfield>
  </datafield>
  <datafield tag="980" ind1=" " ind2=" ">
    <subfield code="a">RUSPER</subfield>
  </datafield>
</record>
